LDR 00988naa#a2200229#i#450# 001 RU\\bibl\122522 005 20260606013032.6 011 ## _a2588-0209 100 ## _a20260601b2026####ek#y0rusy0150####ca 101 0# _aENG 102 ## _aRU 200 1# _aИССЛЕДОВАНИЕ ФАКТОРОВ, ВЛИЯЮЩИХ НА СТАБИЛЬНОСТЬ ПРОИЗВОДСТВЕННОГО ПОТЕНЦИАЛА ПАХОТНЫХ ЗЕМЕЛЬ В ПРОВИНЦИИ ХЭЙЛУНЦЗЯН _eЖурнальная статья 210 1# _aМосква _cЭлектронная наука _d2026 215 ## _a34 с. 608 ## _aЖурнальная статья _2local 675 ## _aЗемли, пригодные для использования. Земельные ресурсы. 332.33 _zENG 700 #1 _aНилиповский _gВасилий Иванович 700 #1 _aМа _gМэнци 700 #1 _aДу _gГомин 700 #1 _aФэй _gБонуа 700 #1 _aФань _gСяоюй 856 4# _amshj.ru _u